00354nam a2200133Ia 4500008004100000020001500041041001200056082001600068100002100084245005500105260003700160300000800197650001500205221030s9999 xx 000 0 und d a8125917179 aEnglish a105.23bBha aS. S. Bhavikatti 0aStructural Analysis : Vol. IIcby S. S. Bhavikatti bVikas Pub HouseaNew Delhic2005 a452 aMechanical